| 000 | 00638nam a2200157Ia 4500 | ||
|---|---|---|---|
| 008 | 220216s9999 xx 000 0 und d | ||
| 100 | _aKarunaichamy K | ||
| 245 | 0 | _aSustainable rubber production through low frequency tapping (d6 and d10) in clone RRII 105 | |
| 260 | _bInternational Workshop on Latex Harvesting Technology: Sustainable Rubber Production through Good Application Practices of Latex Harvesting Technology, 18-22 November 2013, IRRDB-IRV, Binh Duong, Vietnam. | ||
| 650 | _aLow frequency tapping | ||
| 650 | _aRRII 105 | ||
| 650 | _aRubber production | ||
| 700 | _aRajagopal R | ||
| 700 | _aThomas K U | ||
| 942 | _cBS | ||
| 999 |
_c50002 _d50002 |
||